|
|
|
|
| LEADER |
00000nas a2200000 i 4500 |
| 001 |
in00000011080 |
| 005 |
20251126081452.7 |
| 002 |
АУ3/2007/12 |
| 008 |
081006u19?? rur l000 0yrus d |
| 035 |
|
|
|a ( UA-KiNSAL)АУ3/2007/12
|
| 040 |
|
|
|a UA-KiNSAL
|b ukr
|c UA-KiNSAL
|
| 090 |
|
|
|
| 245 |
0 |
0 |
|a NJ
|
| 260 |
|
|
|a Б.м.
|
| 530 |
|
|
|a Original record
|u https://kubg.libs.net.ua/kubg_recs/0000031615.txt
|
| 942 |
|
|
|2 UDC
|c JOURNAL
|
| 952 |
|
|
|a XP
|b книга
|d ХР
|z 20140616
|i 1
|p Jv0030848
|j АУ3/2007/12
|o
|h 2007, № 12
|c 1
|
| 952 |
|
|
|a XP
|b книга
|d ХР
|z 20140616
|i 2
|p Jv0030835
|j АУ3/2007/12
|o
|h 2007, № 12
|c 2
|
| 920 |
|
|
|a NJ
|
| 961 |
|
|
|a 691
|
| 991 |
0 |
0 |
|a АУ3/2007/12
|
| 997 |
|
|
|a 0000031615
|
| 998 |
|
|
|a 31615
|
| 999 |
f |
f |
|i 566db42f-603b-476f-b2b2-7fa97ba925da
|s 8aecbd0d-c868-4dee-9bf6-00e240326da9
|t 0
|
| 952 |
f |
f |
|p Може видаватися
|a Національна наукова сільськогосподарська бібліотека
|b Центральна будівля
|c ННСБ всі підрозділи
|d Відділ зберігання
|t 0
|e АУ3/2007/12
|i книга
|m Jv0030835
|n 2
|
| 952 |
f |
f |
|p Може видаватися
|a Національна наукова сільськогосподарська бібліотека
|b Центральна будівля
|c ННСБ всі підрозділи
|d Відділ зберігання
|t 0
|e АУ3/2007/12
|i книга
|m Jv0030848
|n 1
|